Stirling convertor regenerators / (Record no. 355236)

000 -LEADER
fixed length control field 01096cam a22003254a 4500
001 - CONTROL NUMBER
control field 17012360
003 - CONTROL NUMBER IDENTIFIER
control field Nust- CAS-E
005 - DATE AND TIME OF LATEST TRANSACTION
control field 20180118181354.0
008 - FIXED-LENGTH DATA ELEMENTS--GENERAL INFORMATION
fixed length control field 111020s2012 flua b 001 0 eng
010 ## - LIBRARY OF CONGRESS CONTROL NUMBER
LC control number 2011038431
016 7# - NATIONAL BIBLIOGRAPHIC AGENCY CONTROL NUMBER
Record control number 015865020
Source Uk
020 ## - INTERNATIONAL STANDARD BOOK NUMBER
International Standard Book Number 9781439830062
020 ## - INTERNATIONAL STANDARD BOOK NUMBER
International Standard Book Number 1439830061
035 ## - SYSTEM CONTROL NUMBER
System control number (OCoLC)ocn449888965
040 ## - CATALOGING SOURCE
Original cataloging agency DLC
Transcribing agency DLC
Modifying agency YDX
-- BTCTA
-- YDXCP
-- BWX
-- UKMGB
-- CDX
-- DLC
042 ## - AUTHENTICATION CODE
Authentication code pcc
050 00 - LIBRARY OF CONGRESS CALL NUMBER
Classification number TJ765
Item number .I27 2012
082 00 - DEWEY DECIMAL CLASSIFICATION NUMBER
Classification number 621.4/2
Edition number 23
Author Mark IBR 2012
100 1# - MAIN ENTRY--PERSONAL NAME
Personal name Ibrahim, Mounir B.
245 10 - TITLE STATEMENT
Title Stirling convertor regenerators /
Statement of responsibility, etc. Mounir B. Ibrahim, Roy C. Tew, Jr.
260 ## - PUBLICATION, DISTRIBUTION, ETC.
Place of publication, distribution, etc. Boca Raton, FL :
Name of publisher, distributor, etc. CRC Press,
Date of publication, distribution, etc. c2012.
300 ## - PHYSICAL DESCRIPTION
Extent xxi, 465 p. :
Other physical details ill. ;
Dimensions 25 cm.
504 ## - BIBLIOGRAPHY, ETC. NOTE
Bibliography, etc. note Includes bibliographical references and index.
650 #0 - SUBJECT ADDED ENTRY--TOPICAL TERM
Topical term or geographic name entry element Stirling engines
General subdivision Research.
650 #0 - SUBJECT ADDED ENTRY--TOPICAL TERM
Topical term or geographic name entry element Space vehicles
General subdivision Propulsion systems
-- Research.
700 1# - ADDED ENTRY--PERSONAL NAME
Personal name Tew, Roy C.
906 ## - LOCAL DATA ELEMENT F, LDF (RLIN)
a 7
b cbc
c orignew
d 1
e ecip
f 20
g y-gencatlg
942 ## - ADDED ENTRY ELEMENTS (KOHA)
Source of classification or shelving scheme
Koha item type Book
Holdings
Withdrawn status Lost status Source of classification or shelving scheme Damaged status Not for loan Permanent Location Current Location Shelving location Date acquired Source of acquisition Total Checkouts Full call number Barcode Date last seen Cost, replacement price Price effective from Koha item type
          US-Pakistan Center for Advanced Studies in Energy (USPCAS-E) US-Pakistan Center for Advanced Studies in Energy (USPCAS-E) General Stacks 04/11/2013 Victoria co   621.42 IBR 2012 CAS-E0000085 02/17/2014 16202.00 02/17/2014 Book
© 2023 Central Library, National University of Sciences and Technology. All Rights Reserved.